|
|
|
|
| LEADER |
00000cam a22000004a 4500 |
| 001 |
musev2_72096 |
| 003 |
MdBmJHUP |
| 005 |
20230905051427.0 |
| 006 |
m o d |
| 007 |
cr||||||||nn|n |
| 008 |
130326s2013 mdu o 00 0 eng d |
| 010 |
|
|
|z 2013012276
|
| 020 |
|
|
|a 9781421411385
|
| 020 |
|
|
|z 9781421411378
|
| 020 |
|
|
|z 9781421411361
|
| 035 |
|
|
|a (OCoLC)1139354152
|
| 040 |
|
|
|a MdBmJHUP
|c MdBmJHUP
|
| 041 |
1 |
|
|a eng
|h grc
|
| 100 |
0 |
|
|a Sophocles.
|
| 240 |
1 |
0 |
|a Plays.
|k Selections.
|l English
|s (Slavitt)
|
| 245 |
1 |
4 |
|a The Other Four Plays of Sophocles :
|b Ajax, Women of Trachis, Electra, and Philoctetes /
|c translated by David R. Slavitt.
|
| 264 |
|
1 |
|a Baltimore :
|b The Johns Hopkins University Press,
|c 2013.
|
| 264 |
|
3 |
|a Baltimore, Md. :
|b Project MUSE,
|c 2020
|
| 264 |
|
4 |
|c ©2013.
|
| 300 |
|
|
|a 1 online resource (272 pages).
|
| 336 |
|
|
|a text
|b txt
|2 rdacontent
|
| 337 |
|
|
|a computer
|b c
|2 rdamedia
|
| 338 |
|
|
|a online resource
|b cr
|2 rdacarrier
|
| 505 |
0 |
|
|a Ajax -- Women of Trachis -- Electra -- Philoctetes.
|
| 546 |
|
|
|a Translated from the Ancient Greek.
|
| 588 |
|
|
|a Description based on print version record.
|
| 650 |
|
7 |
|a Greek drama.
|2 fast
|0 (OCoLC)fst00947127
|
| 650 |
|
6 |
|a Theâtre grec.
|
| 650 |
|
0 |
|a Greek drama.
|
| 655 |
|
7 |
|a Drama.
|2 lcgft
|0 http://id.loc.gov/authorities/genreForms/gf2014026297
|0 (uri) http://id.loc.gov/authorities/genreForms/gf2014026297
|
| 655 |
|
7 |
|a Electronic books.
|2 local
|
| 700 |
1 |
|
|a Slavitt, David R.,
|d 1935-
|
| 710 |
2 |
|
|a Project Muse.
|e distributor
|
| 830 |
|
0 |
|a Book collections on Project MUSE.
|
| 856 |
4 |
0 |
|z Texto completo
|u https://projectmuse.uam.elogim.com/book/72096/
|
| 945 |
|
|
|a Project MUSE - Custom Collection
|